Statistics for U.S National Parks by Pictures

Click here to take the quiz!

General Stats

  • This quiz has been taken 539 times
    (23 since last reset)
  • The average score is 10 of 18

Answer Stats

Answer% Correct
Grand Canyon
95%
Yellowstone
95%
Yosemite
80%
Everglades
75%
Arches
70%
Denali
65%
Acadia
60%
Great Smoky Mountains
60%
Redwood
60%
Crater Lake
55%
Death Valley
50%
Carlsbad Caverns
45%
Hawaii Volcanoes
45%
Badlands
40%
Olympic
40%
Zion
40%
Saguaro
35%
Great Sand Dunes
0%

Score Distribution

Percentile by Number Answered

Percent of People with Each Score

Your Score History

You have not taken this quiz since the last reset